ABBA general knowledge - Statistics

General Stats
  • This quiz has been taken 282 times
  • The average score is 7 of 16
Answer Stats
Hint Answer % Correct
Only U.S. #1 hit "Dancing Queen"
76%
They entered this song contest twice once with "Ring, Ring" and lost and again with "Waterloo" and won Eurovision
75%
Anni Frid's alternative name Frida
75%
He is Anni-Frid's husband or rather was and was pianist most of the time Benny Andersson
55%
He is Agnetha's husband or rather was and was guitarist Björn Ulvaeus
54%
Agnetha's first child Linda
50%
She has golden hair, she even states it in the song "Thank You For the Music" Agnetha Faltskog
49%
What does ABBA stand for? Agnetha Björn Benny Anni-Frid
48%
This band member is the red head and never knew her father until she met him as a grown woman Anni-Frid Lyngstad
46%
Their first song as a band "People Need Love"
39%
Manager Stig Anderson
39%
Agnetha's second child Christian
38%
The museum that holds band artifacts such as Björn's star guitar ABBA Museum
35%
Agnetha and Björn when wanting to marry at their dream church were mistaken for this when they said artists Atheists
11%
Band signature Backwards B
3%
The band performed for this King on his wedding day King Carl XVI Gustaf
2%
No matching quizzes found
Score Distribution
Percent of People with Each Score
Percentile by Number Answered
Your Score History
You have not taken this quiz